| 000 | 01737nam a2200421Ii 4500 | ||
|---|---|---|---|
| 001 | DIGPUCEC0101 | ||
| 003 | NyNyDIG | ||
| 007 | cr ||||||||||| | ||
| 008 | 230306s2021 ec a ob 000 0 spa d | ||
| 006 | m o d | ||
| 020 | _z9789978776155 | ||
| 035 | _a(OCoLC)1374239106 | ||
| 040 |
_aDGITA _beng _erda _epn _cDGITA |
||
| 043 | _as-ec--- | ||
| 050 | 1 | 4 | _aHD75 ebook |
| 100 | 1 |
_aBarrera, Augusto, _eauthor. |
|
| 245 | 1 | 0 |
_aEspacio y poder en el Ecuador : _bmodos de desarrollo y configuraciones espaciales / _cAugusto Barrera Guarderas. |
| 264 | 1 |
_aQuito : _bPontificia Universidad Católica del Ecuador, _c[2021] |
|
| 300 |
_a1 online resource : _billustrations. |
||
| 336 |
_atext _btxt _2rdacontent |
||
| 337 |
_acomputer _bc _2rdamedia |
||
| 338 |
_aonline resource _bcr _2rdacarrier |
||
| 347 |
_atext file _2rdaft |
||
| 347 | _bEPUB | ||
| 490 | 1 | _aBiblioteca de Ciencias Sociales | |
| 504 | _aIncludes bibliographical references. | ||
| 588 | 0 | _aOnline resource; title from ePub title page (Digitalia, viewed March 6, 2023) | |
| 651 | 0 |
_aEcuador _xEconomic conditions. |
|
| 650 | 0 |
_aHuman territoriality _zEcuador. |
|
| 650 | 0 |
_aEconomic policy _zEcuador. |
|
| 791 | 2 |
_aDigitalia (Firm), _edistributor. |
|
| 793 | 0 |
_gDigitalia eBook Collection: _aPontificia Universidad Católica del Ecuador |
|
| 776 | 0 | 8 |
_iPrint version: _aBarrera, Augusto. _tEspacio y poder en el Ecuador. _bPrimera edición. _dQuito : Pontificia Universidad Católica del Ecuador, [2021] _z9789978776155 |
| 830 | 0 | _aBiblioteca de ciencias sociales (Pontificia Universidad Católica del Ecuador) | |
| 856 | 4 | 0 |
_3Digitalia Hispánica _uhttps://www.digitaliapublishing.com/a/117835/ |
| 910 | _aPremium collection: 2023 | ||
| 942 | _cRAA | ||
| 999 |
_c275647 _d275647 |
||